[Event "Riga Tech op-A"]
[Site "Riga"]
[Date "2023.08.09"]
[Round "4"]
[White "Diermair, Andreas"]
[Black "Abdrlauf, Elham"]
[Result "0-1"]
[WhiteElo "2446"]
[BlackElo "2523"]
[PlyCount "62"]
[EventDate "2023.08.07"]
[EventType "swiss"]
[EventRounds "9"]
[EventCountry "LAT"]
[SourceTitle "CBM 215 Extra"]
[Source "ChessBase"]
[SourceDate "2023.09.30"]
[SourceVersion "1"]
[SourceVersionDate "2023.09.30"]
[SourceQuality "1"]

1. Nf3 f5 2. b3 Nf6 3. Bb2 e6 4. c4 d5 5. e3 Bd6 6. Qc2 0-0 7. Nc3 c6 8. Ne2 Qe7 9. Be5 Nbd7 10. Bxd6 Qxd6 11. g3 e5 12. Bg2 e4 13. Nfd4 c5 14. Nb5 Qe5 15. Qc3 Qxc3 16. Nexc3 dxc4 17. bxc4 Ne5 18. Rb1 b6 19. 0-0 Nxc4 20. Rfd1 a6 21. Nc7 Ra7 22. N7d5 Nxd5 23. Nxd5 b5 24. a4 Rd7 25. d3 Na3 26. Rb3 Rxd5 27. Rxa3 b4 28. Raa1 Rxd3 29. Bf1 c4 30. a5 Be6 31. Bxd3 exd3 0-1

[Event "Riga Tech op-A"]
[Site "Riga"]
[Date "2023.08.07"]
[Round "1"]
[White "Verga, Francesco"]
[Black "Diermair, Andreas"]
[Result "0-1"]
[WhiteElo "2028"]
[BlackElo "2446"]
[PlyCount "54"]
[EventDate "2023.08.07"]
[EventType "swiss"]
[EventRounds "9"]
[EventCountry "LAT"]
[SourceTitle "CBM 215 Extra"]
[Source "ChessBase"]
[SourceDate "2023.09.30"]
[SourceVersion "1"]
[SourceVersionDate "2023.09.30"]
[SourceQuality "1"]

1. e4 e5 2. Nf3 Nc6 3. Bc4 Nf6 4. d4 exd4 5. e5 Ne4 6. 0-0 Be7 7. Re1 d5 8. Bb5 0-0 9. Bxc6 bxc6 10. Nxd4 Qd7 11. Nd2 c5 12. Nxe4 cxd4 13. Ng5 Qf5 14. Nf3 c5 15. b4 Qg6 16. Bf4 Bg4 17. Bg3 cxb4 18. Qxd4 Bxf3 19. gxf3 Rfd8 20. Rac1 Rac8 21. Qxa7 Bg5 22. Rcd1 h5 23. e6 fxe6 24. Kh1 Qf5 25. Rd3 Rxc2 26. Be5 Bf6 27. Qb6 Qxd3 0-1

[Event "AUT-ch Rapid"]
[Site "Graz"]
[Date "2023.06.10"]
[Round "3"]
[White "Diermair, Andreas"]
[Black "Horvath, Dominik"]
[Result "1-0"]
[WhiteElo "2441"]
[BlackElo "2523"]
[PlyCount "67"]
[EventDate "2023.06.10"]
[EventType "swiss (rapid)"]
[EventRounds "9"]
[EventCountry "AUT"]
[SourceTitle "CBM 214 Extra"]
[Source "ChessBase"]
[SourceDate "2023.07.31"]
[SourceVersion "1"]
[SourceVersionDate "2023.07.31"]
[SourceQuality "1"]

1. d4 Nf6 2. Nf3 d5 3. g3 g6 4. Bg2 Bg7 5. 0-0 0-0 6. c4 dxc4 7. Na3 a5 8. Nxc4 a4 9. Nfe5 c6 10. e4 Nfd7 11. Nf3 b5 12. Ne3 e5 13. d5 Nb6 14. Bd2 Bb7 15. Bc3 Re8 16. Qc2 cxd5 17. exd5 Na6 18. Rfd1 b4 19. Be1 Rc8 20. Qe2 Qd6 21. Nd2 Red8 22. Ne4 Qd7 23. h4 h6 24. h5 f5 25. Bh3 Qe8 26. hxg6 fxe4 27. Be6+ Kh8 28. Qh5 Qe7 29. Nf5 Qg5 30. Qxg5 hxg5 31. Kg2 Bxd5 32. Rxd5 Re8 33. Rd6 Nc5 34. Bf7 1-0

[Event "AUT-ch Rapid"]
[Site "Graz"]
[Date "2023.06.10"]
[Round "6"]
[White "Peyrer, Konstantin"]
[Black "Diermair, Andreas"]
[Result "0-1"]
[WhiteElo "2411"]
[BlackElo "2441"]
[PlyCount "34"]
[EventDate "2023.06.10"]
[EventType "swiss (rapid)"]
[EventRounds "9"]
[EventCountry "AUT"]
[SourceTitle "CBM 214 Extra"]
[Source "ChessBase"]
[SourceDate "2023.07.31"]
[SourceVersion "1"]
[SourceVersionDate "2023.07.31"]
[SourceQuality "1"]

1. d4 d5 2. c4 e6 3. Nf3 Nf6 4. Nc3 c6 5. e3 Nbd7 6. Qc2 Bd6 7. Bd3 0-0 8. 0-0 dxc4 9. Bxc4 b5 10. Be2 Bb7 11. e4 e5 12. dxe5 Nxe5 13. Nd4 Neg4 14. Nf5 Bxh2+ 15. Kh1 Bb8 16. Bg5 Qc7 17. Bxg4 Qh2# 0-1

[Event "AUT-ch Blitz"]
[Site "Graz"]
[Date "2023.06.09"]
[Round "4"]
[White "Diermair, Andreas"]
[Black "Postlmayer, Jakob"]
[Result "0-1"]
[WhiteElo "2441"]
[BlackElo "2347"]
[PlyCount "116"]
[EventDate "2023.06.09"]
[EventType "swiss (blitz)"]
[EventRounds "11"]
[EventCountry "AUT"]
[SourceTitle "CBM 214 Extra"]
[Source "ChessBase"]
[SourceDate "2023.07.31"]
[SourceVersion "1"]
[SourceVersionDate "2023.07.31"]
[SourceQuality "1"]

1. d4 Nf6 2. Nf3 d5 3. g3 e6 4. Bg2 Be7 5. c4 0-0 6. Nc3 dxc4 7. Ne5 Qd6 8. 0-0 Qa6 9. a4 Nc6 10. Nb5 Nxe5 11. dxe5 Ne8 12. Bf4 Qb6 13. Qc2 a6 14. Na3 Bxa3 15. Rxa3 Bd7 16. Rd1 Bc6 17. Be3 Qa5 18. Bxc6 bxc6 19. Qc3 Qxc3 20. Rxc3 f6 21. Rxc4 fxe5 22. Rxc6 Kf7 23. Rd7+ Kf6 24. b4 Rf7 25. Bg5+ Kg6 26. Rxe6+ Kf5 27. Rxe5+ Kxe5 28. Rxf7 Rb8 29. Rf8 Ke6 30. h4 h6 31. Bf4 Ke7 32. Rf5 Rxb4 33. Ra5 Rb6 34. Be3 Rc6 35. Bd4 g6 36. e4 h5 37. f3 Kd7 38. Rd5+ Nd6 39. e5 Ke6 40. Rc5 Rxc5 41. Bxc5 Kxe5 42. Kf2 Nf5 43. Bb4 Kd5 44. Bd2 c5 45. Bg5 c4 46. g4 Nd4 47. Ke3 c3 48. Kd3 Nxf3 49. gxh5 gxh5 50. Be3 Nxh4 51. Kxc3 Nf5 52. Bf2 h4 53. Kb4 Kc6 54. Ka5 Kb7 55. Bg1 h3 56. Bh2 Ne3 57. Kb4 Ng4 58. Bg3 h2 0-1

[Event "AUT-ch Blitz"]
[Site "Graz"]
[Date "2023.06.09"]
[Round "11"]
[White "Schwabeneder, Florian"]
[Black "Diermair, Andreas"]
[Result "0-1"]
[WhiteElo "2389"]
[BlackElo "2441"]
[PlyCount "70"]
[EventDate "2023.06.09"]
[EventType "swiss (blitz)"]
[EventRounds "11"]
[EventCountry "AUT"]
[SourceTitle "CBM 214 Extra"]
[Source "ChessBase"]
[SourceDate "2023.07.31"]
[SourceVersion "1"]
[SourceVersionDate "2023.07.31"]
[SourceQuality "1"]

1. e4 e5 2. Bc4 Nc6 3. d3 Nf6 4. Nc3 Na5 5. Nge2 c6 6. Bb3 Be7 7. 0-0 0-0 8. h3 d5 9. Ng3 Be6 10. Qf3 Nxb3 11. axb3 Qd7 12. Re1 d4 13. Nce2 a5 14. Nf5 Bxf5 15. exf5 Nd5 16. Ng3 Nb4 17. Qd1 Qd5 18. Bd2 Rfe8 19. Bxb4 Bxb4 20. Re2 Qd7 21. Re4 f6 22. Qf3 b5 23. Nh5 Bf8 24. Rae1 a4 25. bxa4 Rxa4 26. Qg4 Kh8 27. f4 Ra2 28. fxe5 fxe5 29. Nf4 Rxb2 30. Ng6+ Kg8 31. Nxe5 Qc8 32. Qg3 Qxf5 33. Nxc6 Rxe4 34. dxe4 Qc5 35. Qc7 d3+ 0-1

[Event "AUT-chT 2223"]
[Site "Austria"]
[Date "2023.03.23"]
[Round "5.1"]
[White "Singer, Christoph"]
[Black "Diermair, Andreas"]
[Result "1/2-1/2"]
[WhiteElo "2309"]
[BlackElo "2442"]
[PlyCount "47"]
[EventDate "2022.11.03"]
[EventType "team-tourn"]
[EventRounds "11"]
[EventCountry "AUT"]
[SourceTitle "CBM 213 Extra"]
[Source "ChessBase"]
[SourceDate "2023.05.31"]
[SourceVersion "1"]
[SourceVersionDate "2023.05.31"]
[SourceQuality "1"]
[WhiteTeam "Grieskirchen"]
[BlackTeam "Raika Feffernitz"]
[WhiteTeamCountry "AUT"]
[BlackTeamCountry "AUT"]

1. e4 c6 2. d4 d5 3. exd5 cxd5 4. Bd3 Nf6 5. c3 Bg4 6. Nf3 Nc6 7. Bf4 e6 8. Nbd2 Bd6 9. Bxd6 Qxd6 10. 0-0 0-0 11. Re1 Rac8 12. Qb1 Qf4 13. h3 Bxf3 14. Nxf3 g6 15. Qd1 Nd7 16. Qe2 Rfe8 17. Bb5 a6 18. Bxc6 Rxc6 19. a4 Kg7 20. a5 Rc4 21. Nd2 Rc6 22. Nf3 Rc4 23. Nd2 Rc6 24. Nf3 1/2-1/2

[Event "AUT-chT2M 2223"]
[Site "Austria"]
[Date "2023.03.04"]
[Round "8.6"]
[White "Diermair, Andreas"]
[Black "Nemeth, Miklos"]
[Result "0-1"]
[WhiteElo "2455"]
[BlackElo "2459"]
[PlyCount "62"]
[EventDate "2022.09.30"]
[EventType "team-tourn"]
[EventRounds "11"]
[EventCountry "AUT"]
[SourceTitle "CBM 213 Extra"]
[Source "ChessBase"]
[SourceDate "2023.05.31"]
[SourceVersion "1"]
[SourceVersionDate "2023.05.31"]
[SourceQuality "1"]
[WhiteTeam "Raika Feffernitz II"]
[BlackTeam "Steyregg"]
[WhiteTeamCountry "AUT"]
[BlackTeamCountry "AUT"]

1. d4 Nf6 2. c4 e6 3. Nc3 Bb4 4. f3 Nh5 5. Nh3 f5 6. g3 0-0 7. e4 d6 8. exf5 exf5 9. Bd2 c6 10. a3 Ba5 11. b4 Bc7 12. Bd3 Qf6 13. Ne2 d5 14. c5 h6 15. Nf2 f4 16. g4 Ng3 17. g5 Qf7 18. Rg1 Nxe2 19. Kxe2 hxg5 20. Ng4 Qh5 21. Qc2 Bxg4 22. fxg4 Qxh2+ 23. Kf1 f3 24. Be3 Qh3+ 25. Kf2 Nd7 26. Bf5 Rae8 27. Rae1 Nf6 28. Bxg5 Ne4+ 29. Rxe4 Qh2+ 30. Kf1 Qxc2 31. Rxe8 Qc4+ 0-1

[Event "Vienna"]
[Site "Vienna"]
[Date "2023.02.12"]
[Round "8"]
[White "Diermair, Andreas"]
[Black "Baidetsky, Valentin"]
[Result "0-1"]
[WhiteElo "2457"]
[BlackElo "2464"]
[PlyCount "72"]
[EventDate "2023.02.07"]
[EventType "tourn"]
[EventRounds "9"]
[EventCountry "AUT"]
[EventCategory "9"]
[SourceTitle "CBM 212 Extra"]
[Source "ChessBase"]
[SourceDate "2023.03.31"]
[SourceVersion "1"]
[SourceVersionDate "2023.03.31"]
[SourceQuality "1"]

1. d4 d6 2. e4 Nf6 3. Nc3 e5 4. Nf3 Nbd7 5. Rg1 h5 6. h3 c6 7. Be3 Qa5 8. Nd2 h4 9. a4 Qc7 10. Nc4 Nb6 11. Qd2 Be6 12. d5 Bd7 13. f4 exf4 14. Bxf4 Nxc4 15. Bxc4 cxd5 16. Bxd5 Rc8 17. Bb3 Qa5 18. Rf1 Be6 19. Bxe6 fxe6 20. Rf3 Rc6 21. 0-0-0 Be7 22. Kb1 Rh5 23. Qd3 Qa6 24. Nb5 Qxa4 25. e5 dxe5 26. Qg6+ Kf8 27. Nc3 Qa5 28. Bg5 Ra6 29. Kc1 Rxg5 30. Qxg5 Kg8 31. Qg6 e4 32. Rff1 Qa1+ 33. Kd2 Qxb2 34. Nxe4 Qd4+ 35. Ke2 Qxe4+ 36. Qxe4 Nxe4 0-1

[Event "Vienna"]
[Site "Vienna"]
[Date "2023.02.09"]
[Round "4"]
[White "Polak, Tomas"]
[Black "Diermair, Andreas"]
[Result "1-0"]
[WhiteElo "2506"]
[BlackElo "2457"]
[PlyCount "83"]
[EventDate "2023.02.07"]
[EventType "tourn"]
[EventRounds "9"]
[EventCountry "AUT"]
[EventCategory "9"]
[SourceTitle "CBM 212 Extra"]
[Source "ChessBase"]
[SourceDate "2023.03.31"]
[SourceVersion "1"]
[SourceVersionDate "2023.03.31"]
[SourceQuality "1"]

1. Nf3 d5 2. c4 d4 3. e3 Nc6 4. b4 dxe3 5. fxe3 Nxb4 6. Nc3 c5 7. d4 g6 8. d5 Bf5 9. e4 Bg7 10. Bd2 Bg4 11. a3 Na6 12. Rb1 Qd7 13. Bd3 b6 14. Bc2 Qc8 15. Ba4+ Kf8 16. h3 Bxf3 17. Qxf3 Be5 18. 0-0 f6 19. Bc6 Rb8 20. Ne2 Kg7 21. Nf4 Nc7 22. Nd3 Bd4+ 23. Kh1 Nh6 24. e5 Nf5 25. g4 Nh4 26. Qg3 g5 27. exf6+ exf6 28. Bf4 h5 29. Bxc7 hxg4 30. Bxb8 Nf3 31. Rxf3 gxf3 32. Nf4 Qf5 33. Rf1 Kf7 34. Rxf3 gxf4 35. Qxf4 Qb1+ 36. Rf1 Qd3 37. Bd7 Rxb8 38. Bf5 Qxc4 39. Qc7+ Kf8 40. Qxb8+ Kg7 41. Qc7+ Kf8 42. Qd8+ 1-0

[Event "BL2-Ost 2223"]
[Site "Germany"]
[Date "2023.02.05"]
[Round "6.1"]
[White "Diermair, Andreas"]
[Black "Braeuer, Franz"]
[Result "1/2-1/2"]
[WhiteElo "2442"]
[BlackElo "2443"]
[PlyCount "37"]
[EventDate "2022.10.22"]
[EventType "team-tourn"]
[EventRounds "10"]
[EventCountry "GER"]
[SourceTitle "EXT 2024"]
[Source "ChessBase"]
[SourceDate "2023.10.10"]
[SourceVersion "1"]
[SourceVersionDate "2023.10.10"]
[SourceQuality "1"]
[WhiteTeam "Passau"]
[BlackTeam "Goeggingen"]
[WhiteTeamCountry "GER"]
[BlackTeamCountry "GER"]

1. Nf3 d5 2. c4 e6 3. g3 Nf6 4. Bg2 Be7 5. d4 c6 6. 0-0 0-0 7. Qc2 b6 8. b3 Nbd7 9. Bb2 Bb7 10. Nc3 Rc8 11. e4 dxe4 12. Nxe4 c5 13. Nxf6+ Nxf6 14. Rad1 Qc7 15. Qe2 Rcd8 16. Qe5 Bd6 17. Qe3 Rfe8 18. dxc5 Bxc5 19. Qe2 1/2-1/2

[Event "EU-ch Rapid"]
[Site "Katowice"]
[Date "2022.12.17"]
[Round "4"]
[White "Dzierzak, Radoslaw"]
[Black "Diermair, Andreas"]
[Result "1-0"]
[WhiteElo "2211"]
[BlackElo "2446"]
[PlyCount "115"]
[EventDate "2022.12.17"]
[EventType "swiss (rapid)"]
[EventRounds "11"]
[EventCountry "POL"]
[SourceTitle "CBM 211 Extra"]
[Source "ChessBase"]
[SourceDate "2023.01.31"]
[SourceVersion "1"]
[SourceVersionDate "2023.01.31"]
[SourceQuality "1"]

1. e4 e5 2. Nf3 Nc6 3. Bc4 Bc5 4. 0-0 Nf6 5. d3 a6 6. c3 Ba7 7. Bb3 h6 8. Nbd2 0-0 9. h3 d6 10. Re1 Ne7 11. Nf1 Ng6 12. Ng3 c6 13. d4 Re8 14. Bd2 Qc7 15. Qc1 d5 16. dxe5 Nxe5 17. Nxe5 Qxe5 18. Bf4 Qe7 19. exd5 Qxe1+ 20. Qxe1 Rxe1+ 21. Rxe1 cxd5 22. Be5 Be6 23. Bxf6 gxf6 24. Nh5 Rd8 25. Nxf6+ Kg7 26. Nh5+ Kg6 27. Nf4+ Kf5 28. Ne2 Kf6 29. Nd4 Bc5 30. f4 b5 31. Kf2 b4 32. Kf3 bxc3 33. bxc3 Rc8 34. Re3 h5 35. g4 hxg4+ 36. hxg4 Bb6 37. g5+ Kg6 38. Bc2+ Kh5 39. f5 Bxd4 40. cxd4 Rxc2 41. fxe6 fxe6 42. Kf4 Rf2+ 43. Ke5 Rxa2 44. Kxe6 Kxg5 45. Kxd5 Kf6 46. Kd6 a5 47. Rf3+ Kg7 48. d5 a4 49. Ke7 Re2+ 50. Kd7 Rb2 51. d6 Rb3 52. Rf1 a3 53. Ke7 Re3+ 54. Kd8 a2 55. d7 Re2 56. Rd1 Kf7 57. Kc7 Rc2+ 58. Kd6 1-0

[Event "EU-ch Blitz"]
[Site "Katowice"]
[Date "2022.12.16"]
[Round "11"]
[White "Diermair, Andreas"]
[Black "Adamczewski, Jedrzej"]
[Result "1/2-1/2"]
[WhiteElo "2446"]
[BlackElo "1938"]
[PlyCount "125"]
[EventDate "2022.12.16"]
[EventType "swiss (blitz)"]
[EventRounds "22"]
[EventCountry "POL"]
[SourceTitle "CBM 211 Extra"]
[Source "ChessBase"]
[SourceDate "2023.01.31"]
[SourceVersion "1"]
[SourceVersionDate "2023.01.31"]
[SourceQuality "1"]

1. d4 Nf6 2. c4 e6 3. Nf3 Bb4+ 4. Nbd2 c5 5. a3 Bxd2+ 6. Qxd2 cxd4 7. b4 d5 8. cxd5 Qxd5 9. Qxd4 Nc6 10. Qxd5 Nxd5 11. Bb2 0-0 12. e4 Nb6 13. Rc1 e5 14. b5 Na5 15. Bxe5 Re8 16. Bd3 Bg4 17. Bf4 Rad8 18. Bb1 Nb3 19. Rc3 Bxf3 20. gxf3 Nd4 21. Be3 Nxb5 22. Rb3 Nd4 23. Bxd4 Rxd4 24. Ke2 Red8 25. Rd3 Rxd3 26. Bxd3 Rd4 27. Rc1 Ra4 28. Rc7 Rxa3 29. Rxb7 g6 30. f4 Na4 31. Bc4 Nc3+ 32. Kf1 Nxe4 33. Bxf7+ Kh8 34. Bd5 Nf6 35. Bc6 Nh5 36. f5 Nf4 37. Ke1 gxf5 38. h4 Ng2+ 39. Kd2 Nxh4 40. Bd5 Ng6 41. Be6 f4 42. Bd5 Ra4 43. Kc3 Ra5 44. Kd4 Ra1 45. Ke4 Re1+ 46. Kd4 Re7 47. Rb8+ Kg7 48. Be4 Rd7+ 49. Kc4 Ne5+ 50. Kc3 Ng4 51. Bf5 Rc7+ 52. Kd4 Nxf2 53. Ke5 f3 54. Kf4 Rf7 55. Rb5 a6 56. Ra5 Nd3+ 57. Kxf3 Nb4 58. Kg4 Rf6 59. Rc5 Nc6 60. Be4 Nd4 61. Rc7+ Rf7 62. Rxf7+ Kxf7 63. Bxh7 1/2-1/2

[Event "EU-ch Blitz"]
[Site "Katowice"]
[Date "2022.12.16"]
[Round "6"]
[White "Diermair, Andreas"]
[Black "Budzisz, Adrian"]
[Result "1-0"]
[WhiteElo "2446"]
[BlackElo "2118"]
[PlyCount "46"]
[EventDate "2022.12.16"]
[EventType "swiss (blitz)"]
[EventRounds "22"]
[EventCountry "POL"]
[SourceTitle "CBM 211 Extra"]
[Source "ChessBase"]
[SourceDate "2023.01.31"]
[SourceVersion "1"]
[SourceVersionDate "2023.01.31"]
[SourceQuality "1"]

1. d4 d5 2. Nf3 c6 3. c4 Nf6 4. g3 e6 5. Bg2 dxc4 6. 0-0 Be7 7. a4 a5 8. Qc2 Na6 9. Qxc4 Ne4 10. Qc2 f5 11. Nc3 Nb4 12. Qb1 Nf6 13. e4 0-0 14. Re1 h6 15. Ne5 Qxd4 16. Ng6 Rf7 17. exf5 Ng4 18. Be3 Nxe3 19. Nxe7+ Rxe7 20. Rxe3 Qf6 21. Qe4 Kf8 22. Rae1 Bd7 23. Bh3 Rae8 1-0

[Event "EU-ch Blitz"]
[Site "Katowice"]
[Date "2022.12.16"]
[Round "18"]
[White "Diermair, Andreas"]
[Black "Dwilewicz, Katarzyna"]
[Result "1-0"]
[WhiteElo "2446"]
[BlackElo "2123"]
[PlyCount "83"]
[EventDate "2022.12.16"]
[EventType "swiss (blitz)"]
[EventRounds "22"]
[EventCountry "POL"]
[SourceTitle "CBM 211 Extra"]
[Source "ChessBase"]
[SourceDate "2023.01.31"]
[SourceVersion "1"]
[SourceVersionDate "2023.01.31"]
[SourceQuality "1"]

1. e4 c5 2. Be2 Nc6 3. f4 d6 4. Nf3 Nf6 5. d3 g6 6. 0-0 Bg7 7. Qe1 b5 8. a4 b4 9. Nbd2 0-0 10. Qh4 e6 11. Nb3 Nd7 12. Qg3 Ba6 13. e5 d5 14. Be3 d4 15. Bf2 Rc8 16. a5 Ne7 17. Nfd2 Nf5 18. Qh3 Bb7 19. Nc4 Bd5 20. Nbd2 Nb8 21. g4 Ne7 22. Bh4 Qd7 23. Ne4 Bxe4 24. dxe4 Nbc6 25. Bd3 b3 26. cxb3 Nb4 27. Rfd1 Nec6 28. Nd6 Rb8 29. Bc4 Nc2 30. Rac1 Ne3 31. Re1 Nxa5 32. Bf6 Nxb3 33. Bxg7 Kxg7 34. f5 Kh8 35. f6 Nd2 36. Qh6 Rg8 37. Rxe3 dxe3 38. Qxe3 Nxc4 39. Rxc4 Rxb2 40. Rc3 Qa4 41. Rc1 Qb3 42. Nxf7# 1-0

[Event "EU-ch Blitz"]
[Site "Katowice"]
[Date "2022.12.16"]
[Round "10"]
[White "Diermair, Andreas"]
[Black "Kos, Pawel"]
[Result "1-0"]
[WhiteElo "2446"]
[BlackElo "2234"]
[PlyCount "65"]
[EventDate "2022.12.16"]
[EventType "swiss (blitz)"]
[EventRounds "22"]
[EventCountry "POL"]
[SourceTitle "CBM 211 Extra"]
[Source "ChessBase"]
[SourceDate "2023.01.31"]
[SourceVersion "1"]
[SourceVersionDate "2023.01.31"]
[SourceQuality "1"]

1. d4 Nf6 2. c4 g6 3. Nf3 Bg7 4. g3 0-0 5. Bg2 c6 6. 0-0 d5 7. b3 a5 8. Nc3 Na6 9. Bb2 Bf5 10. Ne5 Nc7 11. Rc1 Nd7 12. Nf3 Nf6 13. cxd5 Nfxd5 14. Na4 Na6 15. Ne5 Nb6 16. Nxb6 Qxb6 17. e4 Bc8 18. Nc4 Qd8 19. Qe2 b5 20. Ne5 c5 21. dxc5 Qc7 22. Nf3 Bh6 23. Qxb5 Be6 24. Rcd1 Nb4 25. a3 Rab8 26. Qe2 Na6 27. Qxa6 Rxb3 28. Qe2 Qxc5 29. Nd4 Qb6 30. Ba1 Rxa3 31. Nxe6 Qxe6 32. Qb2 Rxa1 33. Qxa1 1-0

[Event "EU-ch Blitz"]
[Site "Katowice"]
[Date "2022.12.16"]
[Round "14"]
[White "Diermair, Andreas"]
[Black "Kubicka, Anna"]
[Result "1/2-1/2"]
[WhiteElo "2446"]
[BlackElo "2217"]
[PlyCount "76"]
[EventDate "2022.12.16"]
[EventType "swiss (blitz)"]
[EventRounds "22"]
[EventCountry "POL"]
[SourceTitle "CBM 211 Extra"]
[Source "ChessBase"]
[SourceDate "2023.01.31"]
[SourceVersion "1"]
[SourceVersionDate "2023.01.31"]
[SourceQuality "1"]

1. d4 Nf6 2. Nf3 e6 3. g3 c5 4. Bg2 Nc6 5. 0-0 d5 6. c4 dxc4 7. Qa4 Bd7 8. Qxc4 cxd4 9. Nxd4 Rc8 10. Nc3 Nxd4 11. Qxd4 Bc5 12. Qh4 Bc6 13. Bg5 Bxg2 14. Kxg2 Be7 15. Rfd1 Qb6 16. Qa4+ Qc6+ 17. Qxc6+ Rxc6 18. Rd3 h6 19. Be3 Bc5 20. Bxc5 Rxc5 21. Rad1 Ke7 22. f4 Rcc8 23. e4 Rhd8 24. e5 Nd5 25. Nxd5+ Rxd5 26. Rxd5 exd5 27. Rd2 Ke6 28. Kf3 g6 29. Ke3 Rc4 30. b3 Rc1 31. Kd4 b6 32. Ke3 Rc3+ 33. Kd4 Rc1 34. Kd3 Rc5 35. Kd4 h5 36. h3 Rc1 37. Ke3 Rh1 38. h4 Rc1 1/2-1/2

[Event "EU-ch Blitz"]
[Site "Katowice"]
[Date "2022.12.16"]
[Round "17"]
[White "Dwilewicz, Katarzyna"]
[Black "Diermair, Andreas"]
[Result "1/2-1/2"]
[WhiteElo "2123"]
[BlackElo "2446"]
[PlyCount "136"]
[EventDate "2022.12.16"]
[EventType "swiss (blitz)"]
[EventRounds "22"]
[EventCountry "POL"]
[SourceTitle "CBM 211 Extra"]
[Source "ChessBase"]
[SourceDate "2023.01.31"]
[SourceVersion "1"]
[SourceVersionDate "2023.01.31"]
[SourceQuality "1"]

1. e4 d5 2. exd5 Qxd5 3. Nc3 Qa5 4. d4 Nf6 5. Nf3 Bf5 6. Bd2 e6 7. Bc4 Bb4 8. a3 Bxc3 9. Bxc3 Qb6 10. d5 exd5 11. Bxd5 0-0 12. 0-0 Nbd7 13. Bd4 c5 14. Bc3 Rad8 15. Bb3 Bg4 16. Qe2 Rfe8 17. Qc4 Be6 18. Qh4 Bxb3 19. cxb3 Qxb3 20. Rad1 h6 21. Rd6 Re6 22. Rfd1 Rxd6 23. Rxd6 Re8 24. h3 Re6 25. Qf4 Rxd6 26. Qxd6 Qe6 27. Qxe6 fxe6 28. Kf1 Kf7 29. Ke2 Ke7 30. Kd3 Kd6 31. g4 e5 32. Nd2 b5 33. Ne4+ Nxe4 34. Kxe4 Ke6 35. f3 Nf6+ 36. Kd3 Kd5 37. b3 c4+ 38. bxc4+ bxc4+ 39. Ke3 g5 40. Bb4 Nd7 41. Be7 a5 42. Bd8 a4 43. Be7 Ke6 44. Bb4 Kd5 45. Be7 Nc5 46. h4 Ne6 47. hxg5 hxg5 48. Bb4 Nc5 49. Bc3 Nd3 50. Bd2 Nf4 51. Bc3 Ne6 52. Bb2 Nd4 53. Bc1 Nb5 54. Ke2 c3 55. Bxg5 Kc4 56. Bc1 Nd4+ 57. Ke3 Nb3 58. g5 Nd4 59. g6 Ne6 60. Ke4 Kb3 61. Kxe5 Ng7 62. Kf6 Nh5+ 63. Kg5 Ng7 64. f4 Kc2 65. Be3 Kd3 66. Bc1 Kc2 67. Be3 Kd3 68. Bc1 Kc2 1/2-1/2

[Event "EU-ch Blitz"]
[Site "Katowice"]
[Date "2022.12.16"]
[Round "9"]
[White "Kos, Pawel"]
[Black "Diermair, Andreas"]
[Result "1/2-1/2"]
[WhiteElo "2234"]
[BlackElo "2446"]
[PlyCount "80"]
[EventDate "2022.12.16"]
[EventType "swiss (blitz)"]
[EventRounds "22"]
[EventCountry "POL"]
[SourceTitle "CBM 211 Extra"]
[Source "ChessBase"]
[SourceDate "2023.01.31"]
[SourceVersion "1"]
[SourceVersionDate "2023.01.31"]
[SourceQuality "1"]

1. Nf3 d5 2. g3 Nd7 3. d3 Ngf6 4. Bg2 e5 5. Nfd2 Bc5 6. 0-0 h5 7. e3 h4 8. c4 hxg3 9. hxg3 c6 10. cxd5 cxd5 11. Nc3 Nb6 12. d4 exd4 13. exd4 Bxd4 14. Nb5 Bc5 15. Qc2 Bd6 16. Re1+ Kf8 17. a4 Bh3 18. Bf3 Be7 19. a5 Rc8 20. Qd3 Nbd7 21. Nxa7 Ra8 22. Nb5 Rxa5 23. Rxa5 Qxa5 24. b4 Bxb4 25. Nb3 Qb6 26. Be3 Qe6 27. Bd2 Qxe1+ 28. Bxe1 Bxe1 29. Qe3 Bb4 30. N3d4 g6 31. Qf4 Kg7 32. Ne6+ Bxe6 33. Qxb4 Ne5 34. Nd4 Bd7 35. Bg2 Rc8 36. Ne2 Rc2 37. Bf1 Nf3+ 38. Kg2 Ne5 39. Kg1 Nf3+ 40. Kg2 Ne5 1/2-1/2

[Event "AUT-chT2M 2223"]
[Site "Austria"]
[Date "2022.09.30"]
[Round "1.1"]
[White "Diermair, Andreas"]
[Black "Markoja, Boris"]
[Result "1/2-1/2"]
[WhiteElo "2455"]
[BlackElo "2454"]
[PlyCount "68"]
[EventDate "2022.09.30"]
[EventType "team-tourn"]
[EventRounds "11"]
[EventCountry "AUT"]
[SourceTitle "CBM 210 Extra"]
[Source "ChessBase"]
[SourceDate "2022.11.30"]
[SourceVersion "1"]
[SourceVersionDate "2022.11.30"]
[SourceQuality "1"]
[WhiteTeam "Raika Feffernitz II"]
[BlackTeam "Gamlitz"]
[WhiteTeamCountry "AUT"]
[BlackTeamCountry "AUT"]

1. Nf3 Nf6 2. c4 c5 3. Nc3 e6 4. g3 d5 5. cxd5 exd5 6. d4 Nc6 7. Bg2 cxd4 8. Nxd4 Bc5 9. Nb3 Bb6 10. 0-0 d4 11. Na4 0-0 12. Nxb6 axb6 13. e3 d3 14. Bd2 Bg4 15. f3 Be6 16. Bc3 b5 17. Nd4 Bxa2 18. Nxb5 Bc4 19. Rxa8 Qxa8 20. Nd6 Ba6 21. Bxf6 Qb8 22. Ne4 gxf6 23. Nxf6+ Kg7 24. Nd7 Qe8 25. Nxf8 Qxe3+ 26. Rf2 Nd4 27. Bf1 Kxf8 28. Kg2 Ne2 29. Qb3 Qd4 30. Qd1 Qe3 31. Qb3 Qd4 32. Qd1 Qe5 33. Qd2 Kg7 34. Kh1 b6 1/2-1/2

[Event "Nova Gorica op-A 26th"]
[Site "Nova Gorica"]
[Date "2022.09.20"]
[Round "7"]
[White "Diermair, Andreas"]
[Black "Zubova, Mariya"]
[Result "1-0"]
[WhiteElo "2468"]
[BlackElo "2214"]
[PlyCount "55"]
[EventDate "2022.09.16"]
[EventType "swiss"]
[EventRounds "9"]
[EventCountry "SLO"]
[SourceTitle "CBM 210 Extra"]
[Source "ChessBase"]
[SourceDate "2022.11.30"]
[SourceVersion "1"]
[SourceVersionDate "2022.11.30"]
[SourceQuality "1"]

1. c4 g6 2. e4 Bg7 3. d4 c6 4. Nc3 d6 5. Nf3 Nf6 6. Be2 Nbd7 7. e5 dxe5 8. dxe5 Ng4 9. e6 Nde5 10. Qxd8+ Kxd8 11. Nxe5 Nxe5 12. f4 Bxe6 13. fxe5 Bxe5 14. Be3 f5 15. 0-0-0+ Kc7 16. g3 Rhe8 17. Rd2 b6 18. Re1 Bf7 19. c5 Bf6 20. Red1 Be6 21. Ba6 bxc5 22. Na4 Bd5 23. Nxc5 e5 24. Rc2 Rad8 25. Bc4 Kb8 26. Bxd5 cxd5 27. Na6+ Kb7 28. Nc7 1-0